It looks like you're offline.
Open Library logo
additional options menu

MARC record from Internet Archive

LEADER: 01051cam 2200301Ia 4500
001 38854001
008 980319s1998 mnu 001 0 eng
010 $a98018023
020 $a0314225854 (pbk. : alk. paper)
040 $dMARCIVE
043 $an-us---
049 $astack
050 00 $aKF1296.Z9$bP48 1998
100 1 $aPhillips, Jerry J.,$d1935-2004.
245 10 $aProducts liability in a nutshell /$cby Jerry J. Phillips.
250 $a5th ed.
260 $aSt. Paul, Minn. :$bWest Group,$c1998.
300 $ali, 318 p. ;$c19 cm.
440 0 $aNutshell series.
500 $aPrevious ed.: 1993.
500 $aIncludes index.
650 0 $aProducts liability$zUnited States.
907 $a.b3322099
999 $astack$b3$c980707$dm$ep$f-$g0
991 $bstack
949 $g1$i30700005652655$j0$ldigt $o-$p$0.00$q-$r-$sn$t0$u0$v0$w0$x0$y.i638738x$z980707
949 $g2$i30700005652499$j0$lstack$o-$p$0.00$q-$r-$s-$t0$u1$v0$w1$x0$y.i6387391$z980707
949 $g3$i30700006769565$j0$lstack$o-$p$0.00$q-$r-$s-$t0$u3$v2$w3$x0$y.i6387408$z980707